[Event "PRVA LIGA  CENTRALNE SRBIJE"]
[Site "Vrnjacka Banja"]
[Date "2012.10.03"]
[Round "6.1"]
[White "Radovanovic, Jovica"]
[Black "Indjic, Aleksandar"]
[Result "1/2-1/2"]
[WhiteElo "2341"]
[BlackElo "2494"]
[PlyCount "147"]
[EventDate "2012.09.29"]

1. c4 g6 2. g3 Bg7 3. Bg2 c5 4. Nc3 Nf6 5. e3 d6 6. Nge2 O-O 7. O-O Na6 8. d4
Rb8 9. b3 Bd7 10. Bb2 h5 11. h3 Qc8 12. Kh2 Nc7 13. Rc1 b6 14. Qd2 a6 15. Rfd1
Re8 16. Nf4 Kh7 17. Ba1 cxd4 18. exd4 e6 19. Ne4 Nxe4 20. Bxe4 Bh6 21. Qd3 f5
22. Bg2 Qd8 23. Rc2 Re7 24. h4 Bc8 25. Nh3 Bb7 26. d5 e5 27. f4 e4 28. Qd4 Bg7
29. Ng5+ Kg8 30. Qxb6 Bxd5 31. Qe3 Bxa1 32. Rxa1 Ba8 33. Rd1 Rd7 34. Rcd2 Qe7
35. Bf1 Rbd8 36. b4 d5 37. c5 Bc6 38. Qb3 Kg7 39. Rd4 Rb8 40. Qc3 Qf6 41. Qc2
Nb5 42. Bxb5 axb5 43. Qb3 Ra8 44. Kh3 Re7 45. a3 Kh6 46. Qe3 Rea7 47. Ra1 Ra4
48. Ra2 R8a7 49. Rdd2 Rd7 50. Rd4 Kg7 51. Qc3 Re7 52. Qe3 Ra8 53. Rad2 Ra6 54.
Ra2 Kf8 55. Rad2 Ke8 56. Ra2 Rd7 57. Nf3 Re7 58. Ne5 Rxe5 59. fxe5 Qxe5 60.
Rad2 Kf7 61. Kg2 Ke6 62. Kf2 Ra7 63. Ke1 Qf6 64. Kd1 Qe5 65. Kc2 Rf7 66. Rf2
Ra7 67. Kb2 Rf7 68. Ka2 Ra7 69. Rfd2 Rf7 70. Rf2 Ra7 71. Rfd2 Rf7 72. Rf2 Ra7
73. Rfd2 Rf7 74. Rf2 1/2-1/2

[Event "PRVA LIGA  CENTRALNE SRBIJE"]
[Site "Vrnjacka Banja"]
[Date "2012.10.03"]
[Round "6.1"]
[White "Todorovic, Goran N"]
[Black "Bozovic, Nikola"]
[Result "1-0"]
[WhiteElo "2388"]
[BlackElo "2252"]
[PlyCount "101"]
[EventDate "2012.09.29"]

1. d4 Nf6 2. c4 g6 3. Nc3 Bg7 4. e4 d6 5. h3 O-O 6. Nf3 e5 7. d5 Nbd7 8. Bg5 h6
9. Be3 Nc5 10. Nd2 Nh5 11. g3 a5 12. Be2 Nf6 13. g4 Nh7 14. Nb3 Nxe4 15. Nxe4
a4 16. Nbd2 f5 17. f3 fxe4 18. Nxe4 b6 19. h4 Rf7 20. Qd2 Qf8 21. h5 gxh5 22.
O-O-O a3 23. b3 hxg4 24. fxg4 Rf4 25. Bxf4 exf4 26. Rdf1 Be5 27. Bf3 b5 28. c5
Bh8 29. Kc2 Bd7 30. Qh2 Bg7 31. g5 Bf5 32. gxh6 Be5 33. Qg2+ Kh8 34. Kd1 dxc5
35. Nd2 c4 36. Be4 Rd8 37. bxc4 bxc4 38. Rh5 Bxe4 39. Qxe4 Bf6 40. Rxf4 c3 41.
Nb3 Re8 42. Qf3 Qe7 43. Qf2 Bg5 44. Rf7 c2+ 45. Kxc2 Qe4+ 46. Kc3 Qg6 47. Rxg5
Qxg5 48. Rxh7+ Kxh7 49. Qf7+ Kxh6 50. Qxe8 Qxd5 51. Qe3+ 1-0

[Event "PRVA LIGA  CENTRALNE SRBIJE"]
[Site "Vrnjacka Banja"]
[Date "2012.10.03"]
[Round "6.1"]
[White "Misojcic, Miroslav"]
[Black "Rajkovic, Dusan"]
[Result "0-1"]
[WhiteElo "2253"]
[BlackElo "2409"]
[PlyCount "80"]
[EventDate "2012.09.29"]

1. d4 Nf6 2. c4 e6 3. Nc3 Bb4 4. e3 b6 5. Nge2 c5 6. a3 Ba5 7. g3 Bb7 8. d5 b5
9. Bg2 bxc4 10. O-O O-O 11. e4 d6 12. dxe6 fxe6 13. Nf4 Re8 14. e5 Bxg2 15.
Nxg2 dxe5 16. Qa4 Bxc3 17. bxc3 Nbd7 18. Qxc4 Qc7 19. Ne3 Nb6 20. Qa6 c4 21. a4
Rac8 22. a5 Nbd7 23. Ra4 Ne4 24. Rxc4 Nec5 25. Qb5 a6 26. Qb1 Qxa5 27. Rh4 e4
28. c4 Nf6 29. Ng4 Ncd7 30. Bb2 e5 31. Qc1 Nxg4 32. Rxg4 Nf6 33. Rg5 h6 34. Rf5
Re6 35. Qa1 Qxa1 36. Rxa1 Nd7 37. Rh5 Rxc4 38. Rd1 Rc7 39. Rd5 Rb7 40. Rh4 Kf7
0-1

[Event "PRVA LIGA  CENTRALNE SRBIJE"]
[Site "Vrnjacka Banja"]
[Date "2012.10.03"]
[Round "6.1"]
[White "Ristic, Nenad"]
[Black "Urosevic, Zoran"]
[Result "1-0"]
[WhiteElo "2422"]
[BlackElo "2255"]
[PlyCount "33"]
[EventDate "2012.09.29"]

1. e4 c5 2. c3 d5 3. exd5 Qxd5 4. d4 e6 5. Nf3 Nc6 6. Bd3 cxd4 7. cxd4 Nf6 8.
O-O Be7 9. Nc3 Qd6 10. a3 O-O 11. Be3 b6 12. Qe2 Bb7 13. Rad1 Nd5 14. Ng5 f5
15. Nxe6 Nxc3 16. bxc3 Rf6 17. Bc4 1-0

[Event "PRVA LIGA  CENTRALNE SRBIJE"]
[Site "Vrnjacka Banja"]
[Date "2012.10.03"]
[Round "6.1"]
[White "Misic, Dragan"]
[Black "Djokic, Nenad"]
[Result "0-1"]
[WhiteElo "2294"]
[BlackElo "2401"]
[PlyCount "176"]
[EventDate "2012.09.29"]

1. d4 Nf6 2. Nf3 e6 3. e3 b6 4. Bd3 Bb7 5. Nbd2 c5 6. O-O Be7 7. c4 O-O 8. b3
cxd4 9. Nxd4 d6 10. Bb2 Nbd7 11. Rc1 Rc8 12. Qe2 Re8 13. Rfd1 Qc7 14. N2f3 Qb8
15. Bb1 Bf8 16. Nb5 a6 17. Nc3 Qa8 18. Na4 Ne4 19. Ne1 Bc6 20. Nc3 Ndf6 21.
Nxe4 Nxe4 22. f3 Nc5 23. Nd3 a5 24. e4 Qb7 25. Qc2 g6 26. Qc3 e5 27. Nf4 Bh6
28. Nd5 Bxd5 29. Rxd5 Bxc1 30. Qxc1 Qe7 31. Qd1 Red8 32. Ba3 h5 33. Qd2 Qf6 34.
Qd1 h4 35. Bd3 Kg7 36. Be2 g5 37. h3 Qe7 38. Qd2 f6 39. Bf1 Qc7 40. Kh2 Rd7 41.
Qe3 Ne6 42. Qd2 Nc5 43. Be2 Qd8 44. Bf1 Rc6 45. Qe3 Ne6 46. Rd2 Nf4 47. Qe1 Kf7
48. Qd1 Ke7 49. Kg1 Qc7 50. Kh2 Rd8 51. Kh1 Qc8 52. Qb1 Ne6 53. Qd1 Nc5 54. Qb1
Rf8 55. Bd3 Qe6 56. Bc2 Rb8 57. Bd3 a4 58. Be2 axb3 59. axb3 Qc8 60. b4 Ne6 61.
b5 Rc5 62. Bxc5 Nxc5 63. Qd1 Qd8 64. Ra2 Ra8 65. Qa1 Rxa2 66. Qxa2 Qb8 67. Kh2
Qb7 68. Qa3 Kd7 69. Qa2 Ke7 70. Bf1 Kd8 71. Qd2 Kc7 72. Qd5 Qxd5 73. cxd5 Kd7
74. g4 hxg3+ 75. Kxg3 f5 76. Bg2 Ke7 77. h4 gxh4+ 78. Kxh4 Kf6 79. Kh5 Nd3 80.
Kh6 Ne1 81. Bh3 Nxf3 82. Bxf5 Nd2 83. Kh5 Nb1 84. Kg4 Nc3 85. Kf3 Nxb5 86. Ke3
Nd4 87. Bd7 Kg5 88. Bc8 Kh4 0-1

[Event "PRVA LIGA  CENTRALNE SRBIJE"]
[Site "Vrnjacka Banja"]
[Date "2012.10.03"]
[Round "6.3"]
[White "Milanovic, Slavisa"]
[Black "Petkov, Vladimir"]
[Result "1/2-1/2"]
[WhiteElo "2426"]
[BlackElo "2522"]
[PlyCount "59"]
[EventDate "2012.09.29"]

1. c4 e5 2. Nc3 Bb4 3. Nd5 a5 4. a3 Bc5 5. Nf3 c6 6. Nc3 d6 7. d4 exd4 8. Nxd4
Nf6 9. e3 O-O 10. Be2 Nbd7 11. O-O Re8 12. Rb1 a4 13. b4 axb3 14. Nxb3 Qe7 15.
Nxc5 Nxc5 16. f3 Qe5 17. Qd2 Ne6 18. Rd1 Rd8 19. Bb2 Qc5 20. Bf1 Nf8 21. Qd4
Be6 22. Ne4 Qxd4 23. exd4 d5 24. Nxf6+ gxf6 25. c5 Bf5 26. Rbc1 h5 27. Rd2 Re8
28. Kf2 Ne6 29. Rc3 Bg6 30. Rb3 1/2-1/2

[Event "PRVA LIGA  CENTRALNE SRBIJE"]
[Site "Vrnjacka Banja"]
[Date "2012.10.03"]
[Round "6.3"]
[White "Tosic, Miroslav"]
[Black "Ivanovic, Dragutin"]
[Result "1/2-1/2"]
[WhiteElo "2421"]
[BlackElo "2371"]
[PlyCount "35"]
[EventDate "2012.09.29"]

1. d4 Nf6 2. Nf3 c5 3. dxc5 e6 4. e3 Bxc5 5. a3 O-O 6. b4 Be7 7. Bb2 d5 8. Nbd2
a5 9. b5 Nbd7 10. c4 Nc5 11. Ne5 Nfd7 12. Nxd7 Bxd7 13. cxd5 exd5 14. Be2 Bf6
15. Bxf6 Qxf6 16. O-O Rac8 17. Nf3 Rfd8 18. Nd4 1/2-1/2

[Event "PRVA LIGA  CENTRALNE SRBIJE"]
[Site "Vrnjacka Banja"]
[Date "2012.10.03"]
[Round "6.3"]
[White "Sorgic, Dragan"]
[Black "Todorovic, Bojan"]
[Result "0-1"]
[WhiteElo "2257"]
[BlackElo "2327"]
[PlyCount "122"]
[EventDate "2012.09.29"]

1. e4 g6 2. d4 Bg7 3. Nf3 d6 4. Nc3 Nf6 5. Be3 a6 6. a4 O-O 7. h3 b6 8. e5 Nfd7
9. exd6 exd6 10. Be2 Bb7 11. O-O Nc6 12. Qd2 Nf6 13. Bg5 Qd7 14. d5 Ne5 15. Nh2
Qc8 16. f4 Ned7 17. Bf3 Re8 18. Rad1 a5 19. Rfe1 Nc5 20. b3 Qd7 21. Ng4 Nxg4
22. Bxg4 f5 23. Bf3 Rxe1+ 24. Rxe1 Re8 25. Nb5 Ne4 26. Bxe4 fxe4 27. c4 Qf7 28.
Nc3 h6 29. Bh4 Bxc3 30. Qxc3 Qxf4 31. Bf6 e3 32. Rf1 Qe4 33. Bh8 Qe7 34. Re1
Bc8 35. Kh2 Qf7 36. Qf6 Bf5 37. Qc3 e2 38. Bd4 g5 39. Qf3 Bc2 40. Bf6 Be4 41.
Qf2 Bg6 42. Kg1 Rf8 43. Bd4 Qxf2+ 44. Bxf2 Re8 45. Rc1 Kf7 46. g4 h5 47. gxh5
Bxh5 48. Kg2 Kg6 49. h4 gxh4 50. Bxh4 Kf5 51. Be1 Ke4 52. b4 axb4 53. Bxb4 Ra8
54. Ra1 Kd4 55. Be1 Kxc4 56. Rc1+ Kxd5 57. Rxc7 Rxa4 58. Rh7 Bg6 59. Rh3 Rf4
60. Bf2 Be4+ 61. Kg1 Rg4+ 0-1

[Event "PRVA LIGA  CENTRALNE SRBIJE"]
[Site "Vrnjacka Banja"]
[Date "2012.10.03"]
[Round "6.4"]
[White "Pavlovic, Dejan S"]
[Black "Brankovic, Dejan"]
[Result "1/2-1/2"]
[WhiteElo "2406"]
[BlackElo "2337"]
[PlyCount "36"]
[EventDate "2012.09.29"]

1. e4 c5 2. Nf3 Nc6 3. d4 cxd4 4. Nxd4 Nf6 5. Nc3 e6 6. Ndb5 Bb4 7. a3 Bxc3+ 8.
Nxc3 d5 9. exd5 exd5 10. Bd3 d4 11. Ne2 O-O 12. O-O Bg4 13. Bg5 Qd6 14. Qd2
Bxe2 15. Qxe2 Rfe8 16. Qf3 Ne5 17. Qxb7 Rab8 18. Qa6 Rb6 1/2-1/2

[Event "PRVA LIGA  CENTRALNE SRBIJE"]
[Site "Vrnjacka Banja"]
[Date "2012.10.03"]
[Round "6.4"]
[White "Dezelin, Milan"]
[Black "Boskovic, Drasko"]
[Result "1-0"]
[WhiteElo "2287"]
[BlackElo "2431"]
[PlyCount "179"]
[EventDate "2012.09.29"]

1. d4 Nf6 2. Nf3 c5 3. d5 g6 4. c4 e6 5. Nc3 exd5 6. cxd5 d6 7. Bg5 a6 8. a4
Bg7 9. e3 h6 10. Bh4 g5 11. Bg3 Nh5 12. Nd2 Nxg3 13. hxg3 Nd7 14. Nc4 Nb6 15.
Qc2 O-O 16. Na3 Qe7 17. a5 Nd7 18. Bd3 Ne5 19. Bh7+ Kh8 20. Bf5 Rb8 21. Na4 Bd7
22. Nb6 Be8 23. g4 Rd8 24. Kf1 Qf6 25. g3 Ng6 26. Nac4 Bb5 27. Kg2 Rfe8 28.
Rab1 Ne7 29. Bd3 Kg8 30. Na3 Bxd3 31. Qxd3 Ng6 32. Nac4 Re7 33. Qf5 Qxf5 34.
gxf5 Ne5 35. Nxe5 Rxe5 36. g4 Re4 37. Kf3 Rb4 38. b3 Kh7 39. Nc4 Bc3 40. Rh5
Kg7 41. Rbh1 Rh8 42. Nxd6 Rxb3 43. Ne4 c4 44. Rc1 Bxa5 45. Rxc4 Bd8 46. Rc8 a5
47. Rh1 b5 48. Nc5 Rb2 49. Nb7 Bf6 50. Rxh8 Kxh8 51. Nxa5 Rd2 52. Rxh6+ Kg7 53.
Rh1 Rxd5 54. Rb1 Bc3 55. Nb3 b4 56. Ke4 Rd7 57. Nc5 Rd8 58. Na6 Rd7 59. Nc5 Rd6
60. Kf3 Rc6 61. Ne4 Rc4 62. Nxg5 Kf6 63. Ne4+ Ke5 64. Ng3 Kd5 65. Ne2 Bf6 66.
Nf4+ Kc5 67. Nd3+ Kb5 68. e4 Rc3 69. Ke2 b3 70. e5 Bh4 71. Nc1 Rc2+ 72. Kd3
Rxf2 73. Nxb3 Rg2 74. Nd4+ Ka6 75. Ke4 Rxg4+ 76. Kd5 Bf2 77. Nc6 Rf4 78. f6 Bh4
79. Kc5 Bf2+ 80. Kd6 Rc4 81. Nb4+ Ka7 82. Nc6+ Ka6 83. Kd7 Rc5 84. Kd6 Rc4 85.
Nd8 Rd4+ 86. Ke7 Rd5 87. Nxf7 Bd4 88. Rc1 Kb6 89. Ke6 Ra5 90. Nd6 1-0

[Event "PRVA LIGA  CENTRALNE SRBIJE"]
[Site "Vrnjacka Banja"]
[Date "2012.10.03"]
[Round "6.4"]
[White "Misailovic, Nebojsa"]
[Black "Cvetanovic, Uros"]
[Result "1-0"]
[WhiteElo "2313"]
[BlackElo "2229"]
[PlyCount "105"]
[EventDate "2012.09.29"]

1. e4 c5 2. Nf3 d6 3. d4 cxd4 4. Nxd4 Nf6 5. Nc3 g6 6. Be3 Bg7 7. f3 Nc6 8. Qd2
O-O 9. O-O-O Nxd4 10. Bxd4 Be6 11. Kb1 Qc7 12. g4 Rfc8 13. h4 Qa5 14. a3 Rab8
15. h5 b5 16. hxg6 hxg6 17. Nd5 Qxd2 18. Rxd2 Bxd5 19. exd5 Rc7 20. Rdh2 b4 21.
a4 Rd8 22. Bd3 Rdc8 23. f4 Rc5 24. g5 Nh5 25. Bxc5 Rxc5 26. f5 Nf4 27. fxg6
Nxd3 28. gxf7+ Kxf7 29. cxd3 Rxd5 30. Rg2 Rxd3 31. g6+ Kg8 32. Rhg1 Rh3 33. a5
Bd4 34. Rg3 Rh5 35. Rg5 Rh2 36. R1g2 Rh3 37. R5g3 Rh5 38. a6 Kg7 39. Rc2 Bc5
40. Ka2 e5 41. Rcg2 Rh6 42. Kb3 e4 43. Kc4 e3 44. Rg4 Bb6 45. Kd3 Bc5 46. b3
Rh8 47. Re4 d5 48. Rf4 Rh1 49. Rf7+ Kg8 50. Rc2 Rd1+ 51. Ke2 Rd2+ 52. Rxd2 exd2
53. Kxd2 1-0

[Event "PRVA LIGA  CENTRALNE SRBIJE"]
[Site "Vrnjacka Banja"]
[Date "2012.10.03"]
[Round "6.4"]
[White "Mladenovic, Stefan"]
[Black "Colovic, Dusan"]
[Result "1-0"]
[WhiteElo "2264"]
[BlackElo "2383"]
[PlyCount "77"]
[EventDate "2012.09.29"]

1. d4 d6 2. Nf3 g6 3. Bf4 Bg7 4. e3 Nd7 5. h3 e5 6. Bh2 Nh6 7. Be2 O-O 8. O-O
Qe7 9. c4 f5 10. Nc3 c6 11. Rc1 Nf7 12. b4 g5 13. dxe5 dxe5 14. c5 h5 15. Nd2
g4 16. hxg4 hxg4 17. e4 Nf6 18. exf5 Bxf5 19. Nc4 Rad8 20. Qa4 a6 21. Ne3 Bg6
22. Qb3 Rd4 23. Rfe1 Kh7 24. Bc4 Nh5 25. Ne2 Qg5 26. Nxd4 exd4 27. Nf1 Ne5 28.
Bxe5 Bxe5 29. Bd3 Nf4 30. Bxg6+ Nxg6 31. Rcd1 Kg7 32. Qe6 Rf6 33. Qe8 Qf4 34.
Re2 Rf7 35. Ng3 Qg5 36. Re4 Bxg3 37. fxg3 Qf6 38. Rxg4 Qf2+ 39. Kh2 1-0

[Event "PRVA LIGA  CENTRALNE SRBIJE"]
[Site "Vrnjacka Banja"]
[Date "2012.10.03"]
[Round "6.4"]
[White "Knezevic, Veljko"]
[Black "Zajic, Milan"]
[Result "0-1"]
[WhiteElo "1915"]
[BlackElo "2212"]
[PlyCount "94"]
[EventDate "2012.09.29"]

1. e4 e5 2. Nf3 Nc6 3. Bb5 Nge7 4. O-O g6 5. c3 Bg7 6. d3 O-O 7. Nbd2 d6 8. h3
h6 9. Re1 f5 10. Nf1 f4 11. d4 Bd7 12. dxe5 dxe5 13. Qb3+ Kh7 14. Rd1 Qe8 15.
Qc2 g5 16. N1h2 Rd8 17. b3 a6 18. Bc4 Qg6 19. Ba3 h5 20. Bd3 Bf6 21. Kh1 g4 22.
Ng1 f3 23. Bf1 fxg2+ 24. Bxg2 Qg5 25. Rd3 Be6 26. Rad1 Rxd3 27. Rxd3 Rg8 28.
hxg4 hxg4 29. Ne2 Kg7 30. Kg1 Kf7 31. Ng3 Ng6 32. Qd2 Nf4 33. Rd7+ Ke8 34. Rd3
Nxd3 35. Qxd3 Kf7 36. Nf5 Ne7 37. Bxe7 Bxe7 38. Nf1 Bc5 39. N5e3 Qf4 40. Ng3
Bxe3 41. Qxe3 Qxe3 42. fxe3 Rd8 43. Nf1 Rd1 44. Kf2 Ra1 45. Nd2 Rxa2 46. Ke2
Bxb3 47. Ke1 Be6 0-1

[Event "PRVA LIGA  CENTRALNE SRBIJE"]
[Site "Vrnjacka Banja"]
[Date "2012.10.03"]
[Round "6.5"]
[White "Stojanovic, Mihajlo"]
[Black "Rusev, Krasimir"]
[Result "1/2-1/2"]
[WhiteElo "2572"]
[BlackElo "2544"]
[PlyCount "43"]
[EventDate "2012.09.29"]

1. c4 Nf6 2. Nc3 d5 3. cxd5 Nxd5 4. d4 g6 5. e4 Nxc3 6. bxc3 c5 7. Bc4 Bg7 8.
Ne2 O-O 9. O-O Nc6 10. Be3 Qc7 11. Rc1 b6 12. f4 e6 13. dxc5 bxc5 14. Ng3 Bb7
15. Qe2 Na5 16. Ba6 Rab8 17. Rfd1 Ba8 18. Qf2 Qc6 19. Bf1 Rfc8 20. e5 Bf8 21.
Bd3 Qa4 22. Bc2 1/2-1/2

[Event "PRVA LIGA  CENTRALNE SRBIJE"]
[Site "Vrnjacka Banja"]
[Date "2012.10.03"]
[Round "6.5"]
[White "Radovanovic, Dusan"]
[Black "Mista, Aleksander"]
[Result "0-1"]
[WhiteElo "2359"]
[BlackElo "2543"]
[PlyCount "156"]
[EventDate "2012.09.29"]

1. d4 Nf6 2. c4 g6 3. Nc3 d6 4. e4 Nbd7 5. Nf3 e5 6. Be2 Bg7 7. O-O O-O 8. Bg5
a5 9. Rc1 h6 10. Bh4 c6 11. Qc2 Qe7 12. Rfd1 g5 13. Bg3 Nh5 14. dxe5 Nxg3 15.
hxg3 dxe5 16. Na4 Nc5 17. Nb6 Rb8 18. Nxc8 Rbxc8 19. Nh2 Rcd8 20. Bg4 Rd4 21.
Nf3 Rxd1+ 22. Rxd1 Rd8 23. Bf5 Rd6 24. Kf1 Qd8 25. Rxd6 Qxd6 26. Ke2 Kf8 27.
Qd2 Ke7 28. Qxd6+ Kxd6 29. Ne1 b5 30. cxb5 cxb5 31. Nd3 Nb7 32. Bc8 Nd8 33. Ne1
Bf8 34. g4 Kc7 35. Bf5 Nc6 36. Nc2 Bc5 37. f3 Bd4 38. b3 Bb6 39. Kd3 Bc5 40.
Bh7 Nd8 41. Bf5 Nb7 42. Bh7 Bb6 43. Kc3 Nd6 44. Bg8 Kc6 45. Kd3 Bc5 46. Kc3 Ba7
47. Kd3 Bb6 48. Kc3 Bc5 49. Kd3 Kb6 50. Kc3 Bf2 51. Kd3 Kc5 52. Kc3 f6 53. a3
Bd4+ 54. Kd3 Bb2 55. Be6 Bc1 56. Kc3 Bxa3 57. Nxa3 b4+ 58. Kb2 bxa3+ 59. Kxa3
Nb5+ 60. Ka4 Kb6 61. Bc4 Nc3+ 62. Ka3 Nd1 63. b4 Ne3 64. bxa5+ Kxa5 65. Be2
Nxg2 66. Kb3 Nf4 67. Bf1 Kb6 68. Kc3 Kc5 69. Ba6 Ne6 70. Kd3 Nd4 71. Ke3 Kb4
72. Bc8 Kc3 73. Bd7 Kc2 74. Bc8 Kd1 75. Ba6 Nc2+ 76. Kf2 Kd2 77. Bb5 Ne1 78.
Kg3 Ke3 0-1

[Event "PRVA LIGA  CENTRALNE SRBIJE"]
[Site "Vrnjacka Banja"]
[Date "2012.10.03"]
[Round "6.5"]
[White "Marcetic, Nikola"]
[Black "Nestorovic, Nikola"]
[Result "1/2-1/2"]
[WhiteElo "2382"]
[BlackElo "2430"]
[PlyCount "66"]
[EventDate "2012.09.29"]

1. d4 Nf6 2. Nf3 c5 3. d5 b5 4. Bg5 Qb6 5. a4 bxa4 6. Bxf6 exf6 7. Ra2 d6 8.
Nfd2 Be7 9. e4 O-O 10. Nc4 Qd8 11. Bd3 Nd7 12. f4 Nb6 13. O-O f5 14. exf5 Nxc4
15. Bxc4 Bxf5 16. Rxa4 Bf6 17. b3 a5 18. Na3 Bd4+ 19. Kh1 Qf6 20. Bd3 Bd7 21.
Bb5 Bf5 22. Bc6 Ra7 23. Nb5 Re7 24. Nxd4 cxd4 25. Rxa5 Qg6 26. Rf2 Bxc2 27. Qd2
Qe4 28. h3 Bxb3 29. Kh2 d3 30. Bb5 Bc2 31. Ra3 Qxd5 32. Bxd3 Bxd3 33. Rxd3 Qc5
1/2-1/2

[Event "PRVA LIGA  CENTRALNE SRBIJE"]
[Site "Vrnjacka Banja"]
[Date "2012.10.03"]
[Round "6.5"]
[White "Todorovic, Jovan"]
[Black "Vuckovic, Branko"]
[Result "1-0"]
[WhiteElo "2427"]
[BlackElo "2258"]
[PlyCount "89"]
[EventDate "2012.09.29"]

1. e4 Nf6 2. e5 Nd5 3. d4 d6 4. Nf3 Nc6 5. c4 Nb6 6. e6 fxe6 7. Nc3 e5 8. d5
Nd4 9. Nxd4 exd4 10. Qxd4 e5 11. dxe6 Bxe6 12. Be2 Qf6 13. Qe4 O-O-O 14. O-O
Qf5 15. Qe3 Qf7 16. a4 Kb8 17. b3 d5 18. Nb5 dxc4 19. a5 Nc8 20. a6 b6 21. bxc4
Bxc4 22. Bb2 Bc5 23. Bxc4 Qxc4 24. Qf3 Qd5 25. Be5 Qxf3 26. Bxc7+ Ka8 27. gxf3
Rd5 28. Rfd1 Bxf2+ 29. Kxf2 Rxb5 30. Rd7 Re8 31. Rxg7 h5 32. Kg2 Rc5 33. Bg3
Rd5 34. Rc1 h4 35. Bxh4 Ra5 36. Bg3 Rxa6 37. Rgc7 Ra2+ 38. Kg1 a5 39. Rxc8+
Rxc8 40. Rxc8+ Kb7 41. Rc7+ Ka6 42. h4 Re2 43. h5 a4 44. h6 a3 45. h7 1-0

[Event "PRVA LIGA  CENTRALNE SRBIJE"]
[Site "Vrnjacka Banja"]
[Date "2012.10.03"]
[Round "6.5"]
[White "Pajic, Milomir"]
[Black "Nestorovic, Lazar"]
[Result "1/2-1/2"]
[WhiteElo "2177"]
[BlackElo "2384"]
[PlyCount "63"]
[EventDate "2012.09.29"]

1. c4 Nf6 2. Nc3 g6 3. g3 Bg7 4. Bg2 O-O 5. e3 d6 6. Nge2 c6 7. O-O Bg4 8. h3
Bd7 9. d4 Qc8 10. Kh2 Re8 11. b3 e5 12. Ba3 Qc7 13. Re1 e4 14. Nf4 h5 15. d5 c5
16. Bb2 Bf5 17. Nb1 Nbd7 18. Nd2 Ne5 19. Bxe5 Rxe5 20. a3 Qe7 21. b4 b6 22.
bxc5 bxc5 23. Rb1 Rf8 24. Rb5 g5 25. Ne2 h4 26. Qb3 g4 27. Rb7 Qd8 28. Rxa7
gxh3 29. Bxh3 Ng4+ 30. Kg2 Qg5 31. Rh1 Bh6 32. Nf4 1/2-1/2

[Event "PRVA LIGA  CENTRALNE SRBIJE"]
[Site "Vrnjacka Banja"]
[Date "2012.10.03"]
[Round "6.6"]
[White "Milenkovic, Mladen"]
[Black "Kasparov, Sergey"]
[Result "1/2-1/2"]
[WhiteElo "2404"]
[BlackElo "2482"]
[PlyCount "61"]
[EventDate "2012.09.29"]

1. e4 c6 2. d4 d5 3. exd5 cxd5 4. c4 Nf6 5. Nc3 g6 6. cxd5 Nxd5 7. g3 Nc6 8.
Bg2 Nxc3 9. bxc3 Bg7 10. Nf3 O-O 11. Bf4 Be6 12. O-O Bd5 13. Qe2 Na5 14. Rfe1
e6 15. Rec1 Rc8 16. Ne1 Bxg2 17. Nxg2 Nc4 18. Ne3 Nxe3 19. Bxe3 Qd7 20. Rab1 b6
21. Qa6 Rc6 22. a4 Rfc8 23. a5 e5 24. dxe5 Bxe5 25. axb6 axb6 26. c4 Qe6 27.
Rxb6 Rxb6 28. Qxb6 Rxc4 29. Qxe6 Rxc1+ 30. Bxc1 fxe6 31. Kg2 1/2-1/2

[Event "PRVA LIGA  CENTRALNE SRBIJE"]
[Site "Vrnjacka Banja"]
[Date "2012.10.03"]
[Round "6.6"]
[White "Markovic, Zoran S"]
[Black "Zivkovic, Sava"]
[Result "1/2-1/2"]
[WhiteElo "2361"]
[BlackElo "2351"]
[PlyCount "71"]
[EventDate "2012.09.29"]

1. e4 c5 2. Nf3 Nc6 3. d4 cxd4 4. Nxd4 g6 5. c4 Bg7 6. Be3 Nf6 7. Nc3 d6 8. Be2
O-O 9. O-O Bd7 10. Qd2 Nxd4 11. Bxd4 Bc6 12. f3 a5 13. b3 Nd7 14. Bf2 Nc5 15.
Rab1 f5 16. exf5 Rxf5 17. Bd1 Qf8 18. Bc2 Bh6 19. Be3 Bxe3+ 20. Qxe3 Rf4 21. a3
e5 22. Ne2 Rf6 23. b4 axb4 24. axb4 Ra2 25. Rfc1 Ne6 26. Ra1 Rxa1 27. Rxa1 Qb8
28. Bb3 Kg7 29. Qb6 Qd8 30. Qe3 Qb8 31. Ra5 Nf4 32. Nxf4 Rxf4 33. b5 Qc7 34.
Ra7 Bd7 35. b6 Qb8 36. c5 1/2-1/2

[Event "PRVA LIGA  CENTRALNE SRBIJE"]
[Site "Vrnjacka Banja"]
[Date "2012.10.03"]
[Round "6.6"]
[White "Begus, Drasko"]
[Black "Organdziev, Oliver"]
[Result "1/2-1/2"]
[WhiteElo "2314"]
[BlackElo "2311"]
[PlyCount "124"]
[EventDate "2012.09.29"]

1. d4 d5 2. Nf3 Bf5 3. g3 e6 4. Bg2 Nd7 5. O-O Ngf6 6. b3 Be7 7. Bb2 O-O 8. c4
c6 9. Nc3 h6 10. Nd2 a5 11. e4 dxe4 12. Ndxe4 Nxe4 13. Nxe4 Nf6 14. Nc3 Qc7 15.
h3 Rad8 16. Qe2 Rd7 17. Rfd1 Rfd8 18. Rac1 Qb6 19. Na4 Qa7 20. c5 Re8 21. Nb6
Rdd8 22. a3 Bd6 23. Nc4 Bc7 24. Bc3 a4 25. b4 Qa6 26. Bb2 Nd5 27. Bf1 Re7 28.
Rd2 Red7 29. Rcd1 Qa8 30. Qf3 Nf6 31. Re1 Qb8 32. Bg2 Bg6 33. Qe3 Nd5 34. Qf3
Nf6 35. Qd1 Qa7 36. Qe2 Qb8 37. Qf3 Nd5 38. Ba1 Ne7 39. Red1 Nd5 40. Ne5 Bxe5
41. dxe5 Qa7 42. Bf1 Qb8 43. Qe2 Qa7 44. Kh2 Ra8 45. Rd4 Qb8 46. Bb2 Qf8 47.
R1d2 Qe7 48. f4 Rdd8 49. Qf3 Qc7 50. Qf2 Rab8 51. Kg1 Ra8 52. Rd1 Rab8 53. R4d2
Ra8 54. g4 Qe7 55. Kh2 Bh7 56. Rd4 Re8 57. R4d2 Red8 58. Be2 Rd7 59. h4 Rad8
60. Bc4 Be4 61. Kg3 Nc7 62. Kh2 Nd5 1/2-1/2

[Event "PRVA LIGA  CENTRALNE SRBIJE"]
[Site "Vrnjacka Banja"]
[Date "2012.10.03"]
[Round "6.6"]
[White "Prelevic, Dusko"]
[Black "Ignjatovic, Predrag"]
[Result "1-0"]
[WhiteElo "2337"]
[BlackElo "2294"]
[PlyCount "45"]
[EventDate "2012.09.29"]

1. e4 e5 2. Nf3 Nc6 3. d4 exd4 4. Bc4 Nf6 5. O-O Nxe4 6. Re1 d5 7. Bxd5 Qxd5 8.
Nc3 Qa5 9. Nxe4 Be6 10. Bd2 Qd5 11. Bg5 Be7 12. Bxe7 Nxe7 13. Qxd4 O-O 14. Nc5
Nc6 15. Qc3 Bg4 16. Ne5 Bc8 17. Rad1 Qxa2 18. Nc4 b5 19. b3 Bf5 20. Ne3 b4 21.
Qc4 Ne7 22. Na4 Be6 23. Qc5 1-0

[Event "PRVA LIGA  CENTRALNE SRBIJE"]
[Site "Vrnjacka Banja"]
[Date "2012.10.03"]
[Round "6.6"]
[White "Ljubinkovic, Miodrag"]
[Black "Dudukovic, Nikola"]
[Result "0-1"]
[WhiteElo "2276"]
[BlackElo "2283"]
[PlyCount "92"]
[EventDate "2012.09.29"]

1. d4 Nf6 2. Nf3 e6 3. c3 b6 4. Bf4 Bb7 5. e3 Be7 6. Bd3 O-O 7. Nbd2 d6 8. Qe2
Nbd7 9. e4 Re8 10. e5 Nd5 11. Bg3 Nf8 12. h4 dxe5 13. dxe5 Ng6 14. Bxg6 hxg6
15. a3 b5 16. Rd1 a5 17. Ne4 Ba6 18. Qc2 Rb8 19. O-O Rb6 20. Rfe1 Qa8 21. Neg5
Bxg5 22. Nxg5 Ne7 23. f3 Rbb8 24. Rd7 Qc6 25. Red1 b4 26. axb4 Bc4 27. b3 Bd5
28. Rxe7 Rxe7 29. c4 axb4 30. Qe2 Qa6 31. Qd2 Bc6 32. Bf2 Rd7 33. Qe1 Rxd1 34.
Qxd1 Ra8 35. Kh2 Qa1 36. Qe2 Qc3 37. Qd1 Qxe5+ 38. Bg3 Qa1 39. Qd2 Qc3 40. Qf4
Be8 41. Qxc7 Qxb3 42. Bd6 f6 43. Nxe6 Bf7 44. Nd8 Qxc4 45. Qxf7+ Qxf7 46. Nxf7
b3 0-1

[Event "PRVA LIGA  CENTRALNE SRBIJE"]
[Site "Vrnjacka Banja"]
[Date "2012.10.03"]
[Round "6"]
[White "Martinovic Slobodan"]
[Black "Djukic Zeljko"]
[Result "1/2-1/2"]
[WhiteElo "2447"]
[BlackElo "2405"]
[Annotator ",lidija.glx"]
[PlyCount "95"]
[EventDate "2012.??.??"]

1. c4 e5 2. Nc3 Nf6 3. Nf3 Nc6 4. g3 g6 5. Bg2 Bg7 6. O-O O-O 7. d3 h6 8. Rb1
a5 9. a3 d6 10. b4 axb4 11. axb4 Be6 12. b5 Ne7 13. Bb2 Nd7 14. Nd2 Nc5 15. Nb3
Nxb3 16. Qxb3 c6 17. Ba3 Qd7 18. bxc6 bxc6 19. Ne4 Nc8 20. Qb4 Rd8 21. Bc1 f5
22. Nc3 d5 23. cxd5 cxd5 24. f4 e4 25. dxe4 dxe4 26. Be3 Qd6 27. Rfd1 Qxb4 28.
Rxd8+ Qf8 29. Rxf8+ Kxf8 30. Nb5 Rb8 31. Bc5+ Kg8 32. Nc3 Rxb1+ 33. Nxb1 h5 34.
Nd2 Bc3 35. Nf1 Kf7 36. Ne3 Ne7 37. h3 Be1 38. Nf1 Bc4 39. Bf2 Ba5 40. e3 Nd5
41. g4 Bb6 42. gxf5 gxf5 43. Ng3 Kg6 44. h4 Bxe3 45. Bxe3 Nxe3 46. Bh3 Be6 47.
Kf2 Nd5 48. Ne2 1/2-1/2

[Event "PRVA LIGA  CENTRALNE SRBIJE"]
[Site "Vrnjacka Banja"]
[Date "2012.10.03"]
[Round "6"]
[White "Stojanovski Dejan"]
[Black "Pap Gjula"]
[Result "1/2-1/2"]
[WhiteElo "2435"]
[BlackElo "2569"]
[PlyCount "87"]
[EventDate "2012.??.??"]

1. e4 e6 2. d4 d5 3. Nc3 Nf6 4. Bg5 Bb4 5. e5 h6 6. Bd2 Bxc3 7. bxc3 Ne4 8. Qg4
g6 9. Bd3 Nxd2 10. Kxd2 c5 11. h4 c4 12. Bf1 Nd7 13. Ne2 Qe7 14. g3 a5 15. Bg2
b5 16. a3 Bb7 17. Rhb1 Bc6 18. h5 g5 19. Bh3 O-O-O 20. f4 gxf4 21. gxf4 Rdg8
22. Qf3 f5 23. Qf2 Nb6 24. Bg2 Rg7 25. Bf3 Rhg8 26. Rg1 Kc7 27. Rxg7 Rxg7 28.
Rg1 Rxg1 29. Qxg1 Qxa3 30. Qg7+ Bd7 31. Qxh6 b4 32. Qg5 b3 33. h6 b2 34. h7
b1=Q 35. h8=Q Qaa1 36. Qgh4 Qf1 37. Q4d8+ Kb7 38. Qxb6+ Kxb6 39. Qb8+ Ka6 40.
Qd6+ Kb7 41. Qxd7+ Kb8 42. Qd8+ Kb7 43. Qd7+ Kb8 44. Qd8+ 1/2-1/2